000
00288nam a22001457a 4500
003
SGT
082
_a
340,MAL
100
_a
MALIK,B
245
_a
THE ART OF LAWYER
250
_a
11TH
260
_a
NEW DELHI
_b
UNIVERSAL BOOK
_c
2014
300
_a
1018
650
_a
YAWYER
942
_2
ddc
_c
BK
999
_c
9700
_d
9700